000 01076nam a2200301 4500
003 OSt
005 20260601171007.0
008 260418b1982\\\\mx\ab|||\||||\00|\0\spa\d
020 _a9687153113
040 _aICI
_bspa
_cICI
041 _aspa
050 _aD11 C63
_b1982
100 1 _aBeatríce TrueBlood
_932479
240 _aodice del tiempo
_lspa
245 1 _aCodice del tiempo /
_crealización y diseño Beatrice Trueblood ; coordinación general Roberto Hernández Malagón
250 _aSegunda edición
260 _aMéxico, D.F. :
_bSecretaria de Asentamientos Humanos y Obras Públicas,
_c 1982
264 _bSria de Asentamientos Humanos y Obras Públicas
_c1982
_aMéxico, D.F. :
300 _a220 páginas
_bilustraciones, mapas a color
336 _atexto
_2rdacontent
337 _asin medio
_2rdamedia
338 _avolumen
_2rdacarrier
650 _aHistoria universal
_99807
650 _aCronología histórica
_932480
700 _aTrueblood, Beatrice,
_eeditor
_9615
700 _bHernández Malagón, Roberto
_eeditor
_932481
942 _2ddc
_cB
999 _c20332
_d20332